00622nam a2200193Ia 4500008004100000020001400041082001700055100001900072245005200091250000700143260002900150300002400179500001900203600003400222650001500256942000700271952013500278999001500413240925s9999 xx 000 0 und d a750648112 a621.3822 STR aStranneby, Dog 0aDigital Signal Processing: dsp and applications aNA aOxford:bNewnessc,2001. a279p.bNAfOriginal aIncludes Index aTelecommunication Engineering aTechnology cBK 001040708ELaUITUbUITUd2002-06-08eRoyal Book Company g1738.06l0o621.3822 STRpQ4485r2024-09-25 07:13:31w2024-09-25yBK c6984d6984